Text book of practical physics for the degree classes-Part I / (Record no. 191)
[ view plain ]
| 000 -LEADER | |
|---|---|
| fixed length control field | 00577cam a2200229ua 4500 |
| 041 ## - LANGUAGE CODE | |
| Language code of text/sound track or separate title | eng |
| 082 ## - DEWEY DECIMAL CLASSIFICATION NUMBER | |
| Classification number | 530 |
| Item number | OUS/TE |
| 100 ## - MAIN ENTRY--AUTHOR NAME | |
| Personal name | Ouseph, C.C . |
| 245 ## - TITLE STATEMENT | |
| Title | Text book of practical physics for the degree classes-Part I / |
| 250 ## - EDITION STATEMENT | |
| Edition statement | 1 / |
| 260 ## - PUBLICATION, DISTRIBUTION, ETC. (IMPRINT) | |
| Place of publication | Chennai : |
| Name of publisher | S.Viswanathan , |
| Year of publication | 1965. |
| 300 ## - PHYSICAL DESCRIPTION | |
| Number of Pages | 285 ; . |
| 700 1# - ADDED ENTRY--PERSONAL NAME | |
| Personal name | Devassy, C.P . |
| 700 1# - ADDED ENTRY--PERSONAL NAME | |
| Personal name | Thomas, S.L . |
| 942 ## - ADDED ENTRY ELEMENTS (KOHA) | |
| Koha item type | Books |
| Withdrawn status | Lost status | Damaged status | Home library | Current library | Date acquired | Full call number | Accession Number | Koha item type | Cost, normal purchase price |
|---|---|---|---|---|---|---|---|---|---|
| Withdrawn | KAUAET | KAUAET | 07/04/2012 | 530 | 7214 | Books | 5.00 | ||
| KAUAET | KAUAET | 07/04/2012 | 530 | 11564 | Books | ||||
| Withdrawn | KAUAET | KAUAET | 19/06/2020 | 530 OUS/TE | 7212 | Books | 5.00 | ||
| Withdrawn | Long Overdue (Lost) | KAUAET | KAUAET | 19/06/2020 | 530 OUS/TE | 7213 | Books | 5.00 | |
| KAUAET | KAUAET | 27/01/2023 | 530 OUS/TE | 11569 | Books | ||||
| Withdrawn | KAUAET | Sanskrit University | 07/04/2012 | 530 | 11563 | Books |
